Un marido para mamá / (Registro nro. 3346)

Detalles MARC
000 -LEADER
fixed length control field 00935nam a2200229Ia 4500
003 - CONTROL NUMBER IDENTIFIER
control field OSt
005 - DATE AND TIME OF LATEST TRANSACTION
control field 20250710145009.0
008 - FIXED-LENGTH DATA ELEMENTS--GENERAL INFORMATION
fixed length control field 191128t1995 ck a br 000 f spa d
020 ## - INTERNATIONAL STANDARD BOOK NUMBER
International Standard Book Number 9580423822
040 ## - CATALOGING SOURCE
Original cataloging agency CO-JMCR
Transcribing agency CO-JMCR
041 ## - LANGUAGE CODE
Language code of text/sound track or separate title spa
082 ## - DEWEY DECIMAL CLASSIFICATION NUMBER
Classification number N
Item number NOSm
100 1# - MAIN ENTRY--PERSONAL NAME
Personal name Nöstliger, Christine,
Dates associated with a name 1936
Relator term autor
9 (RLIN) 7740
245 13 - TITLE STATEMENT
Title Un marido para mamá /
Statement of responsibility, etc. Christine Nöstlinger
260 ## - PUBLICATION, DISTRIBUTION, ETC.
Place of publication, distribution, etc. Bogotá :
Name of publisher, distributor, etc. Norma,
Date of publication, distribution, etc. ©1995
300 ## - PHYSICAL DESCRIPTION
Extent 192 páginas :
Other physical details ilustraciones a blanco y negro ;
Dimensions 19 cm.
490 0# - SERIES STATEMENT
Series statement Torre de papel amarillo
500 ## - GENERAL NOTE
General note Incluye biográfia del autor en cotraportada
520 ## - SUMMARY, ETC.
Summary, etc. La consecuencia más grave para Susi después de la separación de sus padres ha sido tener que vivir en la casa de su abuela y de su tía abuela. Susi ya no soporta un minuto más los regaños, la extrema limpieza y los refranes. De repente se le ocurre una ex
650 14 - SUBJECT ADDED ENTRY--TOPICAL TERM
Topical term or geographic name entry element Novela infantil
9 (RLIN) 1227
942 ## - ADDED ENTRY ELEMENTS (KOHA)
Source of classification or shelving scheme Dewey Decimal Classification
Koha item type Books
Existencias
Withdrawn status Lost status Source of classification or shelving scheme Damaged status Not for loan Collection code Home library Current library Date acquired Source of acquisition Total Checkouts Full call number Barcode Date last seen Date last checked out Copy number Koha item type
    Dewey Decimal Classification     Fiction Biblioteca Pública José María del Castillo y Rada Biblioteca Pública José María del Castillo y Rada 11/28/2019 Donación 5 N NOSm 201806996 01/30/2025 01/29/2025 Ej.1 Books